Private wants and public needs: an Introduction to a current issue of public policy. / (Record no. 1248)
[ view plain ]
| 000 -LEADER | |
|---|---|
| fixed length control field | 00546nam a22001457a 4500 |
| 008 - FIXED-LENGTH DATA ELEMENTS--GENERAL INFORMATION | |
| fixed length control field | 120612t xxu||||| |||| 00| 0 eng d |
| 020 ## - INTERNATIONAL STANDARD BOOK NUMBER | |
| International Standard Book Number | 0393094960 |
| 050 ## - LIBRARY OF CONGRESS CALL NUMBER | |
| Classification number | HJ257.P45 |
| 245 ## - TITLE STATEMENT | |
| Title | Private wants and public needs: an Introduction to a current issue of public policy. / |
| Statement of responsibility, etc. | Edmund S. Phelps. |
| 260 ## - PUBLICATION, DISTRIBUTION, ETC. | |
| Place of publication, distribution, etc. | New york: |
| Name of publisher, distributor, etc. | Norton & Company, |
| Date of publication, distribution, etc. | 1995. |
| 300 ## - PHYSICAL DESCRIPTION | |
| Extent | xiii, 178 p.: |
| Other physical details | ill.; |
| Dimensions | 20cm. |
| 505 ## - FORMATTED CONTENTS NOTE | |
| Formatted contents note | Contents: Introduction -- Private vs public spending -- What role for government expenditure?. |
| 700 ## - ADDED ENTRY--PERSONAL NAME | |
| Personal name | Phelps Edmund S. |
| 942 ## - ADDED ENTRY ELEMENTS (KOHA) | |
| Source of classification or shelving scheme | Library of Congress Classification |
| Koha item type | Books |
| Withdrawn status | Lost status | Source of classification or shelving scheme | Damaged status | Not for loan | Home library | Current library | Shelving location | Date acquired | Total Checkouts | Full call number | Barcode | Date last seen | Price effective from | Koha item type |
|---|---|---|---|---|---|---|---|---|---|---|---|---|---|---|
| Library of Congress Classification | WISCONSIN INTERNATIONAL UNIVERSITY COLLEGE, GHANA - MAIN LIBRARY | WISCONSIN INTERNATIONAL UNIVERSITY COLLEGE, GHANA - MAIN LIBRARY | General Stacks | 12/06/2012 | HJ257.P45 | 3457/12 | 12/06/2012 | 12/06/2012 | Books |
